| 000 | 00517 a2200181 4500 | ||
|---|---|---|---|
| 003 | OSt | ||
| 005 | 20180116182638.0 | ||
| 008 | 160825b xxu||||| |||| 00| 0 eng d | ||
| 020 | _a8187233397 | ||
| 040 | _c0 | ||
| 082 | _a658.562 COL 2000 | ||
| 100 | _aW.E. Cole | ||
| 245 |
_aTQM Creating a Contriniously Improving Organisation _cW.E. Cole |
||
| 260 |
_aNew Delhi _bI. Books _c2000 |
||
| 300 |
_a264 p. _bPB |
||
| 440 | _aTQM Creating a Contriniously Improving Organisation | ||
| 942 |
_aNBS _cBK _k658.562 COL _2ddc |
||
| 999 |
_c343314 _d343314 |
||